Science Quiz

Random Science or Math Quiz

Quick Math Challenge VIII Quiz Stats

Quiz Updated Jun 6, 2012

Challenge
Share
Tweet
Embed
Score 0/27 Timer 02:00
0 Plays Today
Steps Answer % Correct
5252
98.8%
3/4 of this39
94.7%
- 1722
94.1%
Halve it11
93.9%
x 666
93.9%
- 2442
93.6%
÷ 76
93.5%
x 954
93.3%
x 963
92.6%
77
92.6%
Triple it = Answer162
92.3%
Triple it189
91.3%
- 72117
90.1%
÷ 139
86.5%
Steps Answer % Correct
x by itself81
85.8%
- 3942
83.3%
4/7 of this24
79%
224224
77.9%
2/3 of this = Answer16
76.8%
5/8 of this140
53.2%
35% of this49
42.2%
7
41.4%
x 1177
40.7%
Triple it231
35.3%
- 87144
30%
7/9 of this112
21.8%
x 5.5 = Answer616
15.1%

You're not logged in!

Compare scores with friends on all Sporcle quizzes.
Join for Free
OR
Log In

You Might Also Like...

Show Comments

Extras

Top Quizzes Today


Score Distribution

Your Account Isn't Verified!

In order to create a playlist on Sporcle, you need to verify the email address you used during registration. Go to your Sporcle Settings to finish the process.

Report this User

Report this user for behavior that violates our Community Guidelines.

Details: